00870 2200193 4500001002100000005001500021035002000036245026100056100002000317250002000337300005000357856002200407700015400429260003200583082000800615084001500623020001800638600002000656INLIS00000000114823820260408022652 a0010-04260000831 aBELAJAR KOSAKATA DAN KALIMAT DALAM 3 BAHASA :b(INDONESIA, INGGRIS, DAN ARAB) /cPenulis: Mahmudah Mastur, Penyunting: Diba, Penyelaras Akhir: Seta, Ilustrator: Tim Ilustrator Noktah, Tata Sampul: Wulan Nugra, Tata Isi: Vitrya, Pracetak: Antini, Dwi, Wardi0 aMahmudah Mastur aCetakan Pertama a87 halaman :bIlustrasi ;c16 x 23 cmeKertas aPerpustakaan Umum0 aPenyunting: Diba, Penyelaras Akhir: Seta, Ilustrator: Tim Ilustrator Noktah, Tata Sampul: Wulan Nugra, Tata Isi: Vitrya, Pracetak: Antini, Dwi, Wardi aYogyakarta :bNoktah,c2020 a372 a372 MAH b a9786237465652 4aCHILDRENS BOOKS